[Event "2023 National K-12 Grade Championships"]
[Site "Orlando, Florida, United States"]
[Date "2023.12.17"]
[Round "6.22"]
[White "Drucker, Ari Sejoon"]
[Black "Dong, Kyle Qiyu"]
[Result "0-1"]
[TimeControl "G/90;d10"]
[WhiteElo "1822"]
[BlackElo "2144"]

1. d4 {[%clk 01:30:00]} Nf6 {[%clk 01:30:00]} 2. c4 {[%clk 01:30:00]} g6 {[%clk
01:30:00]} 3. Nc3 {[%clk 01:30:00]} Bg7 {[%clk 01:30:00]} 4. Nf3 {[%clk
01:29:59]} O-O {[%clk 01:30:00]} {[%emt 00:04:23]} 5. e4 {[%clk 01:29:30]} d6
{[%clk 01:30:00]} 6. Bd3 {[%clk 01:29:21]} e5 {[%clk 01:29:32]} 7. d5 {[%clk
01:29:21]} a5 {[%clk 01:27:56]} 8. h3 {[%clk 01:28:22]} {[%emt 00:00:43]} Nh5
{[%clk 01:24:42]} {[%emt 00:03:59]} 9. Bd2 {[%clk 01:26:07]} {[%emt 00:05:54]}
Nf4 {[%clk 01:21:48]} 10. Bxf4 {[%clk 01:23:24]} {[%emt 00:04:41]} exf4 {[%clk
01:21:48]} 11. Qc2 {[%clk 01:22:59]} Na6 {[%clk 01:21:29]} 12. Qd2 {[%clk
01:06:14]} {[%emt 00:15:06]} Nc5 {[%clk 01:20:42]} {[%emt 00:02:38]} 13. Bc2
{[%clk 01:04:23]} a4 {[%clk 01:12:26]} {[%emt 00:08:24]} 14. a3 {[%clk
00:56:50]} {[%emt 00:08:58]} Qf6 {[%clk 01:02:22]} {[%emt 00:09:53]} 15. O-O
{[%clk 00:55:30]} {[%emt 00:01:18]} g5 {[%clk 01:01:48]} {[%emt 00:01:41]} 16.
Nh2 {[%clk 00:55:23]} Qe7 {[%clk 00:55:12]} {[%emt 00:10:07]} 17. Rfe1 {[%clk
00:52:32]} Bd7 {[%clk 00:55:03]} 18. Rad1 {[%clk 00:48:23]} {[%emt 00:05:23]}
Ra6 {[%clk 00:54:04]} 19. Rb1 {[%clk 00:40:18]} {[%emt 00:09:44]} Rb6 {[%clk
00:48:56]} {[%emt 00:02:50]} 20. Re2 {[%clk 00:32:09]} {[%emt 00:11:36]} Nb3
{[%clk 00:46:21]} 21. Qd3 {[%clk 00:31:07]} {[%emt 00:01:50]} Nd4 {[%clk
00:42:51]} {[%emt 00:02:41]} 22. Ree1 {[%clk 00:27:04]} {[%emt 00:05:57]} Nxc2
{[%clk 00:41:00]} 23. Qxc2 {[%clk 00:26:42]} {[%emt 00:00:55]} Ra8 {[%clk
00:40:01]} {[%emt 00:01:53]} 24. Na2 {[%clk 00:25:04]} {[%emt 00:01:13]} Qf6
{[%clk 00:37:55]} {[%emt 00:02:50]} 25. Nb4 {[%clk 00:24:00]} Qg6 {[%clk
00:37:34]} {[%emt 00:00:42]} 26. Qe2 {[%clk 00:21:38]} {[%emt 00:03:03]} Re8
{[%clk 00:37:14]} 27. Qf3 {[%clk 00:21:07]} {[%emt 00:01:25]} h5 {[%clk
00:36:55]} 28. h4 {[%clk 00:17:11]} {[%emt 00:05:55]} f6 {[%clk 00:36:32]} 29.
Kh1 {[%clk 00:15:32]} {[%emt 00:00:03]} Bh6 {[%clk 00:35:56]} {[%emt 00:01:43]}
30. g3 {[%clk 00:15:13]} g4 {[%clk 00:35:49]} 31. Qd3 {[%clk 00:14:42]} {[%emt
00:00:48]} Kh7 {[%clk 00:34:26]} {[%emt 00:02:31]} 32. Rbd1 {[%clk 00:13:33]}
{[%emt 00:00:23]} Rf8 {[%clk 00:30:03]} {[%emt 00:04:35]} 33. Qd4 {[%clk
00:13:23]} fxg3 {[%clk 00:26:23]} {[%emt 00:05:44]} 34. fxg3 {[%clk 00:13:23]}
Bg7 {[%clk 00:26:23]} 35. Qf2 {[%clk 00:13:19]} f5 {[%clk 00:25:43]} 36. exf5
{[%clk 00:13:10]} Bxf5 {[%clk 00:24:35]} {[%emt 00:01:36]} 37. Qg2 {[%clk
00:13:10]} Re8 {[%clk 00:23:53]} {[%emt 00:00:37]} 38. Rxe8 {[%clk 00:13:10]}
Qxe8 {[%clk 00:23:53]} 39. Qf2 {[%clk 00:12:48]} {[%emt 00:00:27]} Qe4+ {[%clk
00:22:48]} {[%emt 00:01:32]} 40. Kg1 {[%clk 00:12:29]} {[%emt 00:02:38]} Bg6
{[%clk 00:21:08]} 41. Qf4 {[%clk 00:11:41]} {[%emt 00:00:32]} Qxf4 {[%clk
00:19:58]} {[%emt 00:01:51]} 42. gxf4 {[%clk 00:11:41]} Bxb2 {[%clk 00:19:58]}
43. Na2 {[%clk 00:10:50]} {[%emt 00:01:10]} Bxa3 {[%clk 00:18:41]} {[%emt
00:01:28]} 44. Re1 {[%clk 00:09:20]} {[%emt 00:01:50]} Bc5+ {[%clk 00:18:41]}
45. Kh1 {[%clk 00:08:58]} Rb2 {[%clk 00:18:38]} 46. Nc1 {[%clk 00:07:39]}
{[%emt 00:01:56]} g3 {[%clk 00:18:38]} 47. Re7+ {[%clk 00:07:18]} {[%emt
00:01:06]} Kg8 {[%clk 00:18:38]} 48. Ne2 {[%clk 00:06:49]} gxh2 {[%clk
00:18:38]} 49. Kxh2 {[%clk 00:06:47]} {[%emt 00:00:16]} Bd3 {[%clk 00:18:38]}
0-1

[Event "2023 National K-12 Grade Championships"]
[Site "Orlando, Florida, United States"]
[Date "2023.12.17"]
[Round "6.24"]
[White "Schaefer, Sasha"]
[Black "Pramanik, Aayansh"]
[Result "1/2-1/2"]
[TimeControl "G/90;d10"]
[WhiteElo "1754"]
[BlackElo "1765"]

1. e4 {[%clk 01:30:00]} {[%emt 00:02:40]} e5 {[%clk 01:30:00]} {[%emt
00:00:05]} 2. Nf3 {[%clk 01:30:00]} {[%emt 00:00:02]} Nc6 {[%clk 01:30:00]}
{[%emt 00:00:10]} 3. Bc4 {[%clk 01:30:00]} {[%emt 00:00:02]} Bc5 {[%clk
01:30:00]} {[%emt 00:00:04]} 4. c3 {[%clk 01:30:00]} {[%emt 00:00:03]} Nf6
{[%clk 01:30:00]} {[%emt 00:00:03]} 5. d3 {[%clk 01:30:00]} {[%emt 00:00:04]}
a6 {[%clk 01:30:00]} {[%emt 00:00:03]} 6. a4 {[%clk 01:30:00]} {[%emt
00:00:07]} d6 {[%clk 01:29:17]} {[%emt 00:00:52]} 7. h3 {[%clk 01:30:00]}
{[%emt 00:00:05]} a5 {[%clk 01:29:13]} {[%emt 00:00:14]} 8. O-O {[%clk
01:29:57]} {[%emt 00:00:13]} O-O {[%clk 01:29:13]} {[%emt 00:00:04]} 9. d4
{[%clk 01:29:28]} {[%emt 00:00:39]} Ba7 {[%clk 01:28:18]} {[%emt 00:01:05]} 10.
d5 {[%clk 01:29:13]} {[%emt 00:00:25]} Ne7 {[%clk 01:28:18]} {[%emt 00:00:05]}
11. Re1 {[%clk 01:29:07]} {[%emt 00:00:14]} Ng6 {[%clk 01:28:03]} {[%emt
00:00:25]} 12. Nbd2 {[%clk 01:25:50]} {[%emt 00:03:27]} Qe7 {[%clk 01:27:25]}
{[%emt 00:00:49]} 13. Nf1 {[%clk 01:25:14]} {[%emt 00:00:45]} Bd7 {[%clk
01:26:10]} {[%emt 00:01:26]} 14. Ng3 {[%clk 01:24:26]} {[%emt 00:00:58]} Rfe8
{[%clk 01:21:41]} {[%emt 00:04:39]} 15. Bg5 {[%clk 01:22:24]} {[%emt 00:02:08]}
h6 {[%clk 01:20:44]} {[%emt 00:01:10]} 16. Bh4 {[%clk 01:20:57]} {[%emt
00:01:37]} Nxh4 {[%clk 01:17:23]} {[%emt 00:03:32]} 17. Nxh4 {[%clk 01:20:54]}
{[%emt 00:00:13]} g6 {[%clk 01:17:23]} {[%emt 00:00:06]} 18. Nf3 {[%clk
01:19:34]} {[%emt 00:01:29]} Kg7 {[%clk 01:17:14]} {[%emt 00:00:20]} 19. Qb3
{[%clk 01:17:50]} {[%emt 00:01:52]} Rab8 {[%clk 01:16:47]} {[%emt 00:00:37]} 20.
Qc2 {[%clk 01:17:00]} {[%emt 00:01:01]} Nh7 {[%clk 01:15:34]} {[%emt 00:01:22]}
21. Qe2 {[%clk 01:15:03]} {[%emt 00:02:06]} h5 {[%clk 01:14:23]} {[%emt
00:01:23]} 22. Bb5 {[%clk 01:11:36]} {[%emt 00:03:37]} Bb6 {[%clk 01:02:15]}
{[%emt 00:12:17]} 23. Bxd7 {[%clk 01:10:22]} {[%emt 00:01:25]} Qxd7 {[%clk
00:59:25]} {[%emt 00:02:59]} 24. Nd2 {[%clk 01:09:59]} {[%emt 00:00:34]} Ra8
{[%clk 00:58:39]} {[%emt 00:00:56]} 25. Nb3 {[%clk 01:05:51]} {[%emt 00:04:18]}
Qe7 {[%clk 00:57:07]} {[%emt 00:01:41]} 26. Rec1 {[%clk 01:04:28]} {[%emt
00:01:33]} h4 {[%clk 00:55:59]} {[%emt 00:01:19]} 27. Nf1 {[%clk 01:03:09]}
{[%emt 00:01:29]} Nf6 {[%clk 00:55:30]} {[%emt 00:00:39]} 28. Nh2 {[%clk
00:57:35]} {[%emt 00:05:44]} Nh5 {[%clk 00:55:20]} {[%emt 00:00:20]} 29. c4
{[%clk 00:54:28]} {[%emt 00:03:17]} Nf4 {[%clk 00:54:32]} {[%emt 00:00:58]} 30.
Qf3 {[%clk 00:54:04]} {[%emt 00:00:33]} Rg8 {[%clk 00:53:57]} {[%emt 00:00:45]}
31. Rc2 {[%clk 00:49:40]} {[%emt 00:04:34]} Kf8 {[%clk 00:53:40]} {[%emt
00:00:27]} 32. Nc1 {[%clk 00:48:34]} {[%emt 00:01:17]} f5 {[%clk 00:52:30]}
{[%emt 00:01:21]} 33. Ne2 {[%clk 00:46:53]} {[%emt 00:01:51]} Nxe2+ {[%clk
00:50:24]} {[%emt 00:02:16]} 34. Rxe2 {[%clk 00:43:47]} {[%emt 00:06:50]} f4
{[%clk 00:50:24]} {[%emt 00:00:05]} 35. Ng4 {[%clk 00:43:14]} {[%emt 00:00:44]}
Kg7 {[%clk 00:50:24]} {[%emt 00:00:05]} 36. Kh1 {[%clk 00:41:57]} {[%emt
00:01:26]} Raf8 {[%clk 00:50:24]} {[%emt 00:00:08]} 37. Nh2 {[%clk 00:39:26]}
{[%emt 00:02:41]} Bd4 {[%clk 00:49:03]} {[%emt 00:01:31]} 38. Qg4 {[%clk
00:38:50]} {[%emt 00:00:45]} Rh8 {[%clk 00:48:50]} {[%emt 00:00:24]} 39. Qf3
{[%clk 00:37:21]} {[%emt 00:01:39]} Bc5 {[%clk 00:48:35]} {[%emt 00:00:25]} 40.
Qb3 {[%clk 00:36:22]} {[%emt 00:01:09]} b6 {[%clk 00:48:29]} {[%emt 00:00:16]}
41. f3 {[%clk 00:35:06]} {[%emt 00:01:26]} g5 {[%clk 00:48:12]} {[%emt
00:00:27]} 42. Ng4 {[%clk 00:34:26]} {[%emt 00:00:50]} Qd7 {[%clk 00:47:58]}
{[%emt 00:00:25]} 43. Qb5 {[%clk 00:33:09]} {[%emt 00:01:26]} Qe7 {[%clk
00:47:25]} {[%emt 00:00:43]} 44. Nh2 {[%clk 00:28:53]} {[%emt 00:04:25]} Qf7
{[%clk 00:46:05]} {[%emt 00:01:31]} 45. Qb3 {[%clk 00:27:54]} {[%emt 00:01:09]}
Qe7 {[%clk 00:45:56]} {[%emt 00:00:19]} 46. Qd1 {[%clk 00:27:33]} {[%emt
00:00:30]} Qd8 {[%clk 00:45:56]} {[%emt 00:00:11]} 47. Rc2 {[%clk 00:27:25]}
{[%emt 00:00:18]} Qe7 {[%clk 00:45:56]} {[%emt 00:00:07]} 48. Qe2 {[%clk
00:27:11]} {[%emt 00:00:25]} Qd7 {[%clk 00:45:56]} {[%emt 00:00:10]} 49. Nf1
{[%clk 00:26:27]} {[%emt 00:00:52]} Qe7 {[%clk 00:45:47]} {[%emt 00:00:20]} 50.
Nd2 {[%clk 00:25:58]} {[%emt 00:00:39]} Be3 {[%clk 00:45:42]} {[%emt 00:00:14]}
51. Nb3 {[%clk 00:25:17]} {[%emt 00:00:51]} Qd7 {[%clk 00:45:36]} {[%emt
00:00:17]} 52. Rc3 {[%clk 00:24:57]} {[%emt 00:00:30]} Qe7 {[%clk 00:45:30]}
{[%emt 00:00:17]} 53. Ra2 {[%clk 00:24:51]} {[%emt 00:00:15]} Qd7 {[%clk
00:45:30]} {[%emt 00:00:09]} 54. Na1 {[%clk 00:24:23]} {[%emt 00:00:38]} Bd4
{[%clk 00:45:26]} {[%emt 00:00:14]} 55. Rd3 {[%clk 00:23:52]} {[%emt 00:00:40]}
Bc5 {[%clk 00:45:26]} {[%emt 00:00:07]} 56. Nc2 {[%clk 00:23:26]} {[%emt
00:00:35]} Ra8 {[%clk 00:45:09]} {[%emt 00:00:27]} 57. Rd1 {[%clk 00:22:58]}
{[%emt 00:00:37]} Qe7 {[%clk 00:45:09]} {[%emt 00:00:11]} 58. Rb1 {[%clk
00:22:16]} {[%emt 00:00:52]} Qd7 {[%clk 00:45:05]} {[%emt 00:00:15]} 59. Ne1
{[%clk 00:21:48]} {[%emt 00:00:37]} Be3 {[%clk 00:44:44]} {[%emt 00:00:32]} 60.
b4 {[%clk 00:20:17]} {[%emt 00:01:41]} axb4 {[%clk 00:44:29]} {[%emt 00:00:24]}
61. Rxb4 {[%clk 00:20:02]} {[%emt 00:00:25]} Bc5 {[%clk 00:44:29]} {[%emt
00:00:04]} 62. Rb5 {[%clk 00:19:38]} {[%emt 00:00:36]} Ra7 {[%clk 00:43:11]}
{[%emt 00:00:55]} 63. a5 {[%clk 00:18:06]} {[%emt 00:02:14]} bxa5 {[%clk
00:42:57]} {[%emt 00:00:25]} 64. Rbxa5 {[%emt 00:00:29]} Rxa5 {[%emt 00:00:01]}
65. Rxa5 {[%emt 00:00:01]} Bb4 {[%emt 00:00:07]} 66. Ra2 {[%emt 00:00:02]}
1/2-1/2

[Event "2023 National K-12 Grade Championships"]
[Site "Orlando, Florida, United States"]
[Date "2023.12.17"]
[Round "6.25"]
[White "Jani, Aakash"]
[Black "Yu, Nicole"]
[Result "1/2-1/2"]
[TimeControl "G/90;d10"]
[WhiteElo "1884"]
[BlackElo "1467"]

1. e4 {[%clk 01:30:00]} c5 {[%clk 01:29:35]} {[%emt 00:48:14]} 2. Nf3 {[%clk
01:30:00]} d6 {[%clk 01:29:28]} 3. d4 {[%clk 01:29:54]} cxd4 {[%clk 01:29:10]}
4. Nxd4 {[%clk 01:29:54]} Nf6 {[%clk 01:29:09]} 5. Nc3 {[%clk 01:29:54]} g6
{[%clk 01:28:41]} 6. Be3 {[%clk 01:29:52]} Bg7 {[%clk 01:28:38]} 7. f3 {[%clk
01:29:35]} Nc6 {[%clk 01:28:34]} 8. Qd2 {[%clk 01:29:33]} a6 {[%clk 01:27:07]}
9. O-O-O {[%clk 01:29:33]} O-O {[%clk 01:25:29]} 10. g4 {[%clk 01:27:40]} Qa5
{[%clk 01:20:49]} 11. Nb3 {[%clk 01:23:33]} Qc7 {[%clk 01:18:08]} 12. Bh6
{[%clk 01:22:52]} Be6 {[%clk 01:16:29]} 13. h4 {[%clk 01:19:37]} b5 {[%clk
01:13:28]} 14. Bxg7 Kxg7 {[%clk 01:13:16]} 15. h5 {[%clk 01:18:02]} b4 {[%clk
01:10:49]} 16. Nd5 {[%clk 01:14:06]} Bxd5 {[%clk 01:09:07]} 17. exd5 {[%clk
01:14:02]} Ne5 {[%clk 01:06:03]} 18. hxg6 {[%clk 01:11:33]} fxg6 {[%clk
01:04:17]} {[%emt 00:01:41]} 19. Nd4 {[%clk 01:11:31]} Kg8 {[%clk 00:57:03]}
{[%emt 00:07:06]} 20. Ne6 {[%clk 01:08:59]} {[%emt 00:03:16]} Qa5 {[%clk
00:53:23]} {[%emt 00:03:31]} 21. Nxf8 {[%clk 01:08:02]} {[%emt 00:01:31]} Qxa2
{[%clk 00:51:02]} {[%emt 00:02:36]} 22. Qxb4 {[%clk 01:07:58]} Nxf3 {[%clk
00:49:26]} {[%emt 00:01:15]} 23. Qa3 {[%clk 01:07:10]} {[%emt 00:00:57]} Qxa3
{[%clk 00:46:50]} {[%emt 00:03:19]} 24. bxa3 {[%clk 01:06:57]} Rxf8 {[%clk
00:45:08]} {[%emt 00:01:51]} 25. Bxa6 {[%clk 01:05:19]} {[%emt 00:05:02]} Nxg4
{[%clk 00:43:02]} 26. Rdf1 {[%clk 01:02:40]} {[%emt 00:03:50]} Ne3 {[%clk
00:40:50]} {[%emt 00:01:08]} 27. Rf2 {[%clk 01:02:33]} Ng4 {[%clk 00:38:12]}
{[%emt 00:04:34]} 28. Re2 {[%clk 01:00:38]} Ra8 {[%clk 00:37:25]} {[%emt
00:00:55]} 29. Bb7 {[%clk 00:58:19]} {[%emt 00:02:36]} Rxa3 {[%clk 00:32:53]}
{[%emt 00:05:42]} 30. Kb2 {[%clk 00:58:09]} Re3 {[%clk 00:31:24]} {[%emt
00:01:22]} 31. Rxe3 {[%clk 00:56:43]} {[%emt 00:00:51]} Nxe3 {[%clk 00:31:19]}
{[%emt 00:00:33]} 32. Bc8 {[%clk 00:54:59]} {[%emt 00:02:22]} Nc4+ {[%clk
00:30:32]} {[%emt 00:01:58]} 33. Kc3 {[%clk 00:54:59]} Nce5 {[%clk 00:30:18]}
34. Be6+ {[%clk 00:54:57]} Kg7 {[%clk 00:30:03]} 35. Kb4 {[%clk 00:50:14]}
{[%emt 00:06:23]} h5 {[%clk 00:28:58]} 36. c4 {[%clk 00:49:41]} h4 {[%clk
00:25:01]} {[%emt 00:03:58]} 37. c5 {[%clk 00:47:42]} {[%emt 00:02:10]} dxc5+
{[%clk 00:23:37]} {[%emt 00:02:08]} 38. Kxc5 {[%clk 00:47:42]} g5 {[%clk
00:23:26]} 39. d6 {[%clk 00:47:24]} {[%emt 00:00:21]} exd6+ {[%clk 00:22:54]}
{[%emt 00:01:11]} 40. Kxd6 {[%clk 00:47:24]} Kf6 {[%clk 00:20:32]} {[%emt
00:03:51]} 41. Kd5 {[%clk 00:46:49]} Ke7 {[%clk 00:19:11]} {[%emt 00:00:36]} 42.
Rh3 {[%clk 00:46:04]} {[%emt 00:02:14]} Kf6 {[%clk 00:16:48]} {[%emt 00:04:00]}
43. Rh1 {[%clk 00:45:41]} Ng6 {[%clk 00:15:23]} 44. Bg4 {[%clk 00:40:19]}
{[%emt 00:05:03]} Nf4+ {[%clk 00:14:22]} {[%emt 00:01:09]} 45. Ke4 {[%clk
00:40:03]} {[%emt 00:00:16]} Ne5 {[%clk 00:13:44]} {[%emt 00:00:47]} 46. Rxh4
{[%clk 00:38:38]} {[%emt 00:01:55]} gxh4 {[%clk 00:12:17]} {[%emt 00:01:17]} 47.
Kxf4 {[%clk 00:38:38]} {[%emt 00:00:06]} Ng6+ {[%clk 00:11:45]} {[%emt
00:01:18]} 48. Kf3 {[%clk 00:38:21]} Kg5 {[%clk 00:11:20]} {[%emt 00:01:56]} 49.
Bc8 {[%clk 00:38:13]} Kh6 {[%clk 00:10:39]} {[%emt 00:01:19]} 1/2-1/2

[Event "2023 National K-12 Grade Championships"]
[Site "Orlando, Florida, United States"]
[Date "2023.12.17"]
[Round "6.26"]
[White "Li, Aiden Linyuan"]
[Black "Singh, Ian"]
[Result "1-0"]
[TimeControl "G/90;d10"]
[WhiteElo "1832"]
[BlackElo "1610"]

1. a3 {[%clk 01:30:00]} {[%emt 00:00:01]} c5 {[%clk 01:29:34]} {[%emt
00:00:36]} 2. Nf3 {[%clk 01:29:04]} {[%emt 00:01:06]} e6 {[%clk 01:29:08]}
{[%emt 00:00:35]} 3. e3 {[%clk 01:28:18]} {[%emt 00:00:57]} Nf6 {[%clk
01:26:53]} {[%emt 00:02:24]} 4. d4 {[%clk 01:27:44]} {[%emt 00:00:45]} cxd4
{[%clk 01:25:26]} {[%emt 00:01:36]} 5. exd4 {[%clk 01:27:35]} {[%emt 00:00:19]}
Be7 {[%clk 01:23:16]} {[%emt 00:02:20]} 6. Bd3 {[%clk 01:25:30]} {[%emt
00:02:16]} O-O {[%clk 01:23:06]} {[%emt 00:00:20]} 7. O-O {[%clk 01:22:04]}
{[%emt 00:03:34]} d5 {[%clk 01:21:17]} {[%emt 00:02:00]} 8. Ne5 {[%clk
01:20:13]} {[%emt 00:02:02]} Nbd7 {[%clk 01:20:53]} {[%emt 00:00:33]} 9. f4
{[%clk 01:20:02]} {[%emt 00:00:22]} h6 {[%clk 01:15:59]} {[%emt 00:05:03]} 10.
Nd2 {[%clk 01:17:11]} {[%emt 00:03:01]} Qc7 {[%clk 01:13:50]} {[%emt 00:02:19]}
11. Ndf3 {[%clk 01:16:48]} {[%emt 00:00:34]} Re8 {[%clk 01:10:57]} {[%emt
00:03:03]} 12. Qe2 {[%clk 01:14:30]} {[%emt 00:02:27]} Bd6 {[%clk 01:01:00]}
{[%emt 00:10:07]} 13. g4 {[%clk 01:13:19]} {[%emt 00:01:22]} Nf8 {[%clk
00:38:39]} {[%emt 00:22:31]} 14. g5 {[%clk 01:10:14]} {[%emt 00:03:14]} hxg5
{[%clk 00:38:19]} {[%emt 00:00:30]} 15. fxg5 {[%clk 01:10:14]} {[%emt
00:00:10]} N6d7 {[%clk 00:38:19]} {[%emt 00:00:06]} 16. h4 {[%clk 01:03:40]}
{[%emt 00:06:45]} Nxe5 {[%clk 00:30:54]} {[%emt 00:07:35]} 17. dxe5 {[%clk
01:03:29]} {[%emt 00:00:22]} Bc5+ {[%clk 00:30:25]} {[%emt 00:00:38]} 18. Kg2
{[%clk 01:03:04]} {[%emt 00:00:35]} g6 {[%clk 00:28:46]} {[%emt 00:01:49]} 19.
Nh2 {[%clk 01:02:40]} {[%emt 00:00:33]} Nh7 {[%clk 00:25:37]} {[%emt 00:03:20]}
20. Ng4 {[%clk 01:02:40]} {[%emt 00:00:09]} Kg7 {[%clk 00:25:08]} {[%emt
00:00:38]} 21. Nf6 {[%clk 01:02:40]} {[%emt 00:00:10]} Rh8 {[%clk 00:25:08]}
{[%emt 00:00:06]} 22. h5 {[%clk 01:02:15]} {[%emt 00:00:36]} Bd7 {[%clk
00:24:12]} {[%emt 00:01:06]} 23. hxg6 {[%clk 01:01:23]} {[%emt 00:01:02]} fxg6
{[%clk 00:24:12]} {[%emt 00:00:10]} 24. Bxg6 {[%clk 01:01:22]} {[%emt
00:00:10]} Nf8 {[%clk 00:22:53]} {[%emt 00:01:29]} 25. Nh5+ {[%clk 01:01:06]}
{[%emt 00:00:25]} Rxh5 {[%clk 00:18:30]} {[%emt 00:04:34]} 26. Qxh5 {[%clk
01:00:59]} {[%emt 00:00:17]} Be8 {[%clk 00:14:46]} {[%emt 00:03:54]} 27. Bxe8
{[%clk 01:00:50]} {[%emt 00:00:19]} Rxe8 {[%clk 00:12:58]} {[%emt 00:01:59]} 28.
Qxe8 {[%clk 01:00:01]} {[%emt 00:00:59]} Ng6 {[%clk 00:12:25]} {[%emt
00:00:42]} 29. Qxe6 {[%clk 00:59:22]} {[%emt 00:00:49]} Nh4+ {[%clk 00:11:56]}
{[%emt 00:00:38]} 30. Kg3 {[%clk 00:59:12]} {[%emt 00:00:21]} Bf2+ {[%clk
00:05:19]} {[%emt 00:06:48]} 31. Rxf2 {[%clk 00:59:11]} {[%emt 00:00:10]} Nf3
{[%clk 00:03:42]} {[%emt 00:01:46]} 32. Qf6+ {[%clk 00:59:10]} {[%emt
00:00:12]} Kh7 {[%clk 00:03:37]} {[%emt 00:00:16]} 33. Kxf3 {[%clk 00:59:00]}
{[%emt 00:00:20]} d4 {[%clk 00:03:20]} {[%emt 00:00:27]} 34. Rh2+ {[%clk
00:59:00]} {[%emt 00:00:05]} Kg8 {[%clk 00:03:20]} {[%emt 00:00:05]} 35. Rh8#
{[%emt 00:00:06]} 1-0

[Event "2023 National K-12 Grade Championships"]
[Site "Orlando, Florida, United States"]
[Date "2023.12.17"]
[Round "6.27"]
[White "Xu, Zhihan"]
[Black "Katta, Sriansh"]
[Result "1/2-1/2"]
[TimeControl "G/90;d10"]
[WhiteElo "1370"]
[BlackElo "1789"]

1. e4 {[%emt 00:20:12]} c5 2. Nf3 Nc6 3. d4 cxd4 4. Nxd4 e5 5. Nxc6 bxc6 6. Nc3
Nf6 7. Bg5 Rb8 8. Rb1 h6 {[%emt 00:02:51]} 9. Bd2 Bc5 10. Bd3 O-O 11. O-O d5
{[%emt 00:02:45]} 12. Na4 Bd6 {[%emt 00:00:50]} 13. Nc3 {[%emt 00:02:03]} Be6
{[%emt 00:08:42]} 14. a3 a5 15. f4 {[%emt 00:04:34]} Bc5+ 16. Kh1 exf4 {[%emt
00:06:20]} 17. Bxf4 Ng4 18. Bxb8 {[%emt 00:13:25]} Qxb8 19. g3 Ne3 20. Qd2
{[%emt 00:01:08]} Bh3 {[%emt 00:00:23]} 21. Rf2 {[%emt 00:16:42]} Ng4 {[%emt
00:05:28]} 22. Re2 {[%emt 00:07:36]} Qa7 {[%emt 00:00:49]} 23. Nd1 {[%emt
00:06:04]} Qe7 {[%emt 00:15:21]} 24. exd5 {[%emt 00:08:02]} Qf6 25. Qf4 {[%emt
00:02:28]} Qxf4 {[%emt 00:16:22]} 26. gxf4 {[%emt 00:00:55]} cxd5 27. c3 {[%emt
00:02:02]} Nf6 {[%emt 00:05:11]} 28. b4 {[%emt 00:00:26]} axb4 {[%emt
00:00:38]} 29. axb4 {[%emt 00:00:10]} Bb6 {[%emt 00:00:03]} 30. Nf2 {[%emt
00:00:43]} Bd7 {[%emt 00:01:52]} 31. Ba6 {[%emt 00:02:58]} Bc6 {[%emt
00:00:53]} 32. b5 {[%emt 00:02:03]} Ba8 33. Kg1 {[%emt 00:02:25]} Ne4 {[%emt
00:00:08]} 34. Rc1 {[%emt 00:04:57]} Nxf2 {[%emt 00:03:00]} 35. Rxf2 {[%emt
00:00:12]} Rb8 {[%emt 00:03:17]} 36. Rd1 Kf8 {[%emt 00:00:33]} 37. Kf1 {[%emt
00:00:55]} Bxf2 38. Kxf2 Ke7 {[%emt 00:01:49]} 39. Rc1 Kd6 40. Rd1 {[%emt
00:00:03]} Kc7 41. Rc1 {[%emt 00:00:23]} 1/2-1/2